[Event "SVK-chT2C 2122"]
[Site "Slovakia"]
[Date "2022.02.12"]
[Round "7.8"]
[White "Janik, Marek Tobias"]
[Black "Ramic, Marian"]
[Result "1-0"]
[WhiteElo "1801"]
[BlackElo "1716"]
[PlyCount "111"]
[EventDate "2021.10.16"]
[EventType "team-tourn"]
[EventRounds "11"]
[EventCountry "SVK"]
[SourceTitle "EXT 2023"]
[Source "ChessBase"]
[SourceDate "2022.10.05"]
[SourceVersion "1"]
[SourceVersionDate "2022.10.05"]
[SourceQuality "1"]
[WhiteTeam "Liptov Chess School III"]
[BlackTeam "Martin Medea"]
[WhiteTeamCountry "SVK"]
[BlackTeamCountry "SVK"]

1. c4 c5 2. Nc3 Nf6 3. g3 e6 4. Bg2 d5 5. cxd5 exd5 6. d3 Be7 7. Nf3 d4 8. Ne4 Nc6 9. 0-0 h6 10. Nxf6+ Bxf6 11. Re1 0-0 12. Bd2 Re8 13. Rc1 Qb6 14. Qc2 Be7 15. e3 Be6 16. b3 Nb4 17. Bxb4 Qxb4 18. e4 Rac8 19. Nd2 b5 20. f4 f6 21. e5 f5 22. Rb1 Rc7 23. Rec1 Rec8 24. Ra1 Qa5 25. a4 bxa4 26. Rxa4 Qb5 27. Nc4 Rb8 28. Rb1 Kh8 29. Ra5 Qb4 30. Ra6 Bxc4 31. dxc4 Rb6 32. Ra4 Qc3 33. Qxc3 dxc3 34. Ra3 g5 35. Rc1 gxf4 36. gxf4 Rg6 37. Rxc3 Bh4 38. Rd3 Rcg7 39. Ra2 Rg4 40. Rd5 Rxf4 41. Re2 Rf3 42. e6 Rxb3 43. Rxf5 Rb1+ 44. Rf1 Rxf1+ 45. Kxf1 Re7 46. Bh3 Bf6 47. Kg2 a5 48. Kf3 a4 49. Ke4 Ra7 50. Ra2 a3 51. Kd5 Be7 52. Bf5 Kg7 53. Rg2+ Kf6 54. Bb1 Bf8 55. h4 Rd7+ 56. exd7 1-0